000 00563cam a22002053a 4500
001 42380
003 PGUSA
005 20140828083947.0
008 130320s2013||||xxu|||||s|||||000 | eng d
040 _aPGUSA
_beng
042 _adc
100 1 _aFiguier, Louis,
_d1819-1894
245 1 0 _aPrimitive Man
_h[electronic resource] /
_cLouis Figuier
260 _bProject Gutenberg,
_c2013
506 _aPublic domain in the USA.
516 _aElectronic text
830 0 _aProject Gutenberg
_v42380
856 4 0 _uhttp://www.gutenberg.org/ebooks/42380
942 _cEB
999 _c271632
_d271632